[Event "Zudov Memorial-A 5th"]
[Site "Nizhnij Tagil"]
[Date "2009.06.27"]
[Round "8"]
[White "Komissarov, Vladimir"]
[Black "Kanter, Eduard"]
[Result "1/2-1/2"]
[WhiteElo "2274"]
[BlackElo "2350"]
[PlyCount "27"]
[EventDate "2009.06.21"]
[EventType "tourn"]
[EventRounds "9"]
[EventCountry "RUS"]
[EventCategory "3"]
[SourceTitle "EXT 2021"]
[Source "ChessBase"]
[SourceDate "2020.10.23"]
[SourceVersion "1"]
[SourceVersionDate "2020.10.23"]
[SourceQuality "1"]

1. d4 Nf6 2. c4 g6 3. Nf3 Bg7 4. g3 0-0 5. Bg2 d5 6. 0-0 dxc4 7. Na3 Nc6 8. Nxc4 Be6 9. b3 a5 10. Bb2 Bd5 11. e3 a4 12. Nfe5 Bxg2 13. Kxg2 Qd5+ 14. Qf3 1/2-1/2

[Event "Zudov Memorial-A 5th"]
[Site "Nizhnij Tagil"]
[Date "2009.06.26"]
[Round "7"]
[White "Shcherbin, Matvei"]
[Black "Komissarov, Vladimir"]
[Result "1-0"]
[WhiteElo "2271"]
[BlackElo "2274"]
[PlyCount "103"]
[EventDate "2009.06.21"]
[EventType "tourn"]
[EventRounds "9"]
[EventCountry "RUS"]
[EventCategory "3"]
[SourceTitle "EXT 2021"]
[Source "ChessBase"]
[SourceDate "2020.10.23"]
[SourceVersion "1"]
[SourceVersionDate "2020.10.23"]
[SourceQuality "1"]

1. e4 d6 2. d4 Nf6 3. Nc3 g6 4. f4 Bg7 5. Nf3 c5 6. dxc5 Qa5 7. Bd3 Qxc5 8. Qe2 Bg4 9. Be3 Qa5 10. 0-0 0-0 11. Kh1 Nc6 12. Qe1 Nb4 13. Nd2 Nxd3 14. cxd3 Bd7 15. h3 Bc6 16. d4 e6 17. a3 Qa6 18. Rd1 Rac8 19. Qf2 b6 20. e5 Ne8 21. Nf3 Qb7 22. Qd2 Nc7 23. exd6 Nd5 24. Nxd5 Bxd5 25. Bg1 Rfd8 26. Bh2 Bxf3 27. Rxf3 Rxd6 28. Rd3 Rd5 29. Bg1 Bf6 30. Rc3 Rxc3 31. Qxc3 Rd7 32. Rc1 Kg7 33. Qd3 Qd5 34. Rc4 h5 35. Bf2 b5 36. Rc1 a6 37. Rd1 Rc7 38. Rd2 Rc1+ 39. Rd1 Qc4 40. Bg1 Rc2 41. b3 Qc7 42. Qe4 Rc3 43. Rb1 Qd6 44. a4 bxa4 45. bxa4 Rc4 46. a5 Qa3 47. Rb7 Qd6 48. Rb6 Qa3 49. Rb7 Rb4 50. Rd7 Qa2 51. Qa8 Qa1 52. Qe8 1-0

[Event "Nizhnij Tagil City-ch"]
[Site "Nizhnij Tagil"]
[Date "2007.11.26"]
[Round "1"]
[White "Komissarov, Vladimir"]
[Black "Dotsenko, Sergey"]
[Result "1/2-1/2"]
[WhiteElo "2246"]
[BlackElo "2185"]
[PlyCount "136"]
[EventDate "2007.11.26"]
[EventType "tourn"]
[EventRounds "13"]
[EventCountry "RUS"]
[SourceTitle "EXT 2009"]
[Source "ChessBase"]
[SourceDate "2008.11.26"]
[SourceVersion "1"]
[SourceVersionDate "2008.11.26"]
[SourceQuality "1"]

1. d4 d5 2. Nf3 Bg4 3. c4 Bxf3 4. gxf3 e6 5. Nc3 c6 6. Rg1 Nd7 7. Qd3 dxc4 8. Qxc4 Nb6 9. Qd3 Qd6 10. f4 Rd8 11. e3 Nf6 12. Bd2 h5 13. a3 Nbd5 14. Na4 Qc7 15. Rc1 g6 16. Bh3 Ng4 17. f3 Nh6 18. Nc5 Nf5 19. Rc4 Bxc5 20. Rxc5 Qe7 21. Bxf5 exf5 22. Kd1 Qh4 23. e4 Nxf4 24. Re5+ Ne6 25. exf5 Rxd4 26. Qc3 gxf5 27. Qe3 Rd7 28. Kc1 Qxh2 29. Bc3 Rf8 30. Re1 Kd8 31. Qxa7 Qf4+ 32. Kb1 Qxf3 33. Ba5+ Ke7 34. Qc5+ Kf6 35. Rxe6+ fxe6 36. Qxf8+ Kg5 37. Qg8+ Kf4 38. Qg1 Qg3 39. Qf1+ Kg5 40. Ka2 e5 41. Qe2 e4 42. Bb6 Qf3 43. Rg1+ Kf6 44. Qh2 Rd1 45. Qh4+ Kf7 46. Rg3 Qe2 47. Qg5 Qc4+ 48. Rb3 Rd3 49. Qxf5+ Kg7 50. Qg5+ Kf7 51. Qxh5+ Kg7 52. Qg5+ Kf7 53. Qf5+ Kg7 54. Qe5+ Kf7 55. Qf5+ Kg7 56. Qg4+ Kf7 57. Qh5+ Kg7 58. Qg4+ Kf7 59. Qf4+ Kg7 60. Qg5+ Kf7 61. Qf5+ Kg7 62. Qg4+ Kf7 63. Qf4+ Kg7 64. Qg4+ Kf7 65. Qh5+ Kg7 66. Qe5+ Kf7 67. Qf5+ Kg7 68. Qg5+ Kf7 1/2-1/2

[Event "Nizhnij Tagil-ch"]
[Site "Nizhnij Tagil"]
[Date "2006.12.??"]
[Round "1"]
[White "Dashevsky, Sergey"]
[Black "Komissarov, Vladimir"]
[Result "0-1"]
[WhiteElo "2296"]
[BlackElo "2226"]
[PlyCount "58"]
[EventDate "2006.12.07"]
[EventType "swiss"]
[EventRounds "13"]
[EventCountry "RUS"]
[SourceTitle "EXT 2008"]
[Source "ChessBase"]
[SourceDate "2007.11.25"]
[SourceVersion "1"]
[SourceVersionDate "2007.11.25"]
[SourceQuality "1"]

1. e4 g6 2. d4 d6 3. Nc3 Nf6 4. f4 Bg7 5. Nf3 c6 6. Bd3 0-0 7. h3 Nbd7 8. Be3 c5 9. d5 a6 10. a4 Qc7 11. Nd2 e6 12. Qf3 exd5 13. exd5 Re8 14. 0-0 Ng4 15. hxg4 Rxe3 16. Qd1 Bd4 17. Kh1 Nf6 18. f5 Qe7 19. Nc4 Ne4 20. f6 Qf8 21. g5 Nxg5 22. Nxe3 Bxe3 23. Be2 Qh6+ 24. Bh5 Bd7 25. g4 gxh5 26. gxh5 Re8 27. Ra3 Bh3 28. Rf3 Bg4 29. Rxe3 Qxh5+ 0-1

[Event "Nizhnij Tagil-ch"]
[Site "Nizhnij Tagil"]
[Date "2006.12.??"]
[Round "4"]
[White "Komissarov, Vladimir"]
[Black "Gusev, Oleg Sergeevich"]
[Result "1/2-1/2"]
[WhiteElo "2226"]
[BlackElo "2162"]
[PlyCount "68"]
[EventDate "2006.12.07"]
[EventType "swiss"]
[EventRounds "13"]
[EventCountry "RUS"]
[SourceTitle "EXT 2008"]
[Source "ChessBase"]
[SourceDate "2007.11.25"]
[SourceVersion "1"]
[SourceVersionDate "2007.11.25"]
[SourceQuality "1"]

1. d4 c5 2. d5 e5 3. Nc3 d6 4. e4 a6 5. a4 Be7 6. Nf3 Bg4 7. h3 Bxf3 8. Qxf3 Bg5 9. Bxg5 Qxg5 10. Qg4 Qxg4 11. hxg4 b6 12. Ra3 Nd7 13. Rb3 Kd8 14. Kd2 Ne7 15. Be2 Ng6 16. g3 Ke7 17. Nd1 Ngf8 18. Ne3 g6 19. g5 f6 20. gxf6+ Nxf6 21. Bf3 N8d7 22. g4 h6 23. Nc4 Rab8 24. Ke2 Rh7 25. Ke3 Rhh8 26. g5 hxg5 27. Rxh8 Rxh8 28. Nxb6 Rh3 29. Nxd7 Nxd7 30. Ke2 g4 31. Bxg4 Rxb3 32. cxb3 Nf6 33. Bf3 a5 34. Kd3 Ke8 1/2-1/2